000 00665nam a22002057a 4500
999 _c21085
_d21085
003 AR-CdUCM
008 190403b ||||| |||| 00| 0 spa d
040 _aMUNICIPALIDAD PROVINCIAL DEL CUSCO
_cBIBLIOTECA MUNICIPAL DEL CUSCO
082 _aC / 750.92 /
_bOL45
100 _aOlmos, Pedro
_943936
245 _aGauguin /
260 _aBuenos Aires :
_bAmericalee,
300 _a208 páginas ;
_bIlustraciones,
_c23 cm.
505 _aContenido: Pablo -- Retrato fotográfico de Paúl Gauguin -- Retrato de niña (dibujo) ...
650 _aGauguin, Paul
_928589
650 _aBiografía
_943937
650 _aPintores
_96624
942 _2ddc
_cLIBROS
945 _arcc